[Event "Cheliabinsk Kibizov Memorial-B"]
[Site "Cheliabinsk"]
[Date "2019.06.26"]
[Round "6"]
[White "Kazantsev, Nikita"]
[Black "Sitnikov, Anton"]
[Result "0-1"]
[WhiteElo "2180"]
[BlackElo "2389"]
[PlyCount "96"]
[EventDate "2019.06.22"]
[EventType "tourn"]
[EventRounds "9"]
[EventCountry "RUS"]
[SourceTitle "EXT 2020"]
[Source "ChessBase"]
[SourceDate "2019.10.17"]
[SourceVersion "1"]
[SourceVersionDate "2019.10.17"]
[SourceQuality "1"]

1. e4 d6 2. d4 Nf6 3. Nc3 Nbd7 4. Nf3 e5 5. Bc4 Be7 6. 0-0 0-0 7. Qe2 c6 8. a4 exd4 9. Nxd4 Ne5 10. Bb3 Re8 11. Rd1 Bf8 12. f3 h6 13. a5 a6 14. Qf2 c5 15. Nde2 Nc6 16. Ba4 Bd7 17. Bf4 Nxa5 18. Bxd7 Nxd7 19. Bxd6 Bxd6 20. Rxd6 Nc4 21. Rd5 Ncb6 22. Rdd1 Qc7 23. Nd5 Nxd5 24. Rxd5 Rac8 25. Rad1 Nb6 26. Rd6 Nc4 27. Rd7 Red8 28. Rxd8+ Rxd8 29. Rxd8+ Qxd8 30. Qxc5 Nxb2 31. Nc3 b6 32. Qd5 Qc7 33. Qb3 Qc5+ 34. Kh1 Nc4 35. Nd5 b5 36. h3 a5 37. f4 a4 38. Qg3 a3 39. f5 Qd6 40. Qb3 Qe5 41. Nc3 Qg3 42. Qxb5 Qxc3 43. Qe8+ Kh7 44. Qxf7 Ne5 45. Qa7 Nc6 46. Qf7 Qf6 47. Qb3 Qb2 48. Qe6 Qa1+ 0-1

[Event "Cheliabinsk Kibizov Memorial-B"]
[Site "Cheliabinsk"]
[Date "2019.06.24"]
[Round "4"]
[White "Berzinsh, Roland"]
[Black "Kazantsev, Nikita"]
[Result "1-0"]
[WhiteElo "2390"]
[BlackElo "2180"]
[PlyCount "88"]
[EventDate "2019.06.22"]
[EventType "tourn"]
[EventRounds "9"]
[EventCountry "RUS"]
[SourceTitle "EXT 2020"]
[Source "ChessBase"]
[SourceDate "2019.10.17"]
[SourceVersion "1"]
[SourceVersionDate "2019.10.17"]
[SourceQuality "1"]

1. Nf3 Nf6 2. g3 g6 3. b3 Bg7 4. Bb2 d6 5. d4 0-0 6. Bg2 a5 7. 0-0 Nc6 8. c4 Bf5 9. Nc3 Qc8 10. Re1 e5 11. Rc1 Re8 12. dxe5 Nxe5 13. Nd4 Bh3 14. Bh1 c6 15. Qd2 Qc7 16. e4 Ned7 17. Nde2 Nc5 18. Nf4 Be6 19. Bg2 Rad8 20. Qc2 Bc8 21. Rcd1 b6 22. Qb1 Re7 23. Qa1 Ne6 24. Nfd5 cxd5 25. Nb5 Qd7 26. Bxf6 dxc4 27. Bxg7 Nxg7 28. Rxd6 Qe8 29. bxc4 Be6 30. Rxb6 Bxc4 31. Nd6 Qa4 32. Qd4 Bb3 33. Qf6 Qd7 34. Rb7 Qxd6 35. Qxd6 Rxd6 36. Rxe7 Bxa2 37. Ra1 Bc4 38. Rc7 Be6 39. Ra7 Nh5 40. R7xa5 Rb6 41. e5 h6 42. Bf3 Ng7 43. Ra8+ Kh7 44. g4 Rb8 1-0

[Event "Cheliabinsk Kibizov Memorial-B"]
[Site "Cheliabinsk"]
[Date "2019.06.22"]
[Round "1"]
[White "Kazantsev, Nikita"]
[Black "Tsvetkov, Andrey1111"]
[Result "0-1"]
[WhiteElo "2180"]
[BlackElo "2323"]
[PlyCount "70"]
[EventDate "2019.06.22"]
[EventType "tourn"]
[EventRounds "9"]
[EventCountry "RUS"]
[SourceTitle "EXT 2020"]
[Source "ChessBase"]
[SourceDate "2019.10.17"]
[SourceVersion "1"]
[SourceVersionDate "2019.10.17"]
[SourceQuality "1"]

1. e4 c5 2. Nf3 d6 3. d4 cxd4 4. Nxd4 Nf6 5. Nc3 a6 6. Be3 e5 7. Nb3 Be6 8. Qd2 Nbd7 9. f3 Be7 10. 0-0-0 b5 11. g4 Nb6 12. g5 Nh5 13. Nd5 Nxd5 14. exd5 Bd7 15. Na5 Qc7 16. Bd3 0-0 17. Rhe1 Rab8 18. f4 b4 19. Nc4 Bb5 20. b3 Nxf4 21. Bxf4 exf4 22. Qxf4 Rfe8 23. Rf1 Bf8 24. Rf3 g6 25. Rdf1 Rb7 26. Qh4 Bxc4 27. Bxc4 Qe7 28. Rh3 Bg7 29. Qxh7+ Kf8 30. Qxg6 Qe5 31. Rhf3 Ree7 32. Qf5 Qa1+ 33. Kd2 Bc3+ 34. Kd3 Be1 35. Rxe1 Qc3# 0-1

[Event "RUS-chT2"]
[Site "Sochi"]
[Date "2019.05.05"]
[Round "5.4"]
[White "Kazantsev, Nikita"]
[Black "Yeritsyan, Aram"]
[Result "0-1"]
[WhiteElo "2197"]
[BlackElo "2299"]
[PlyCount "64"]
[EventDate "2019.05.01"]
[EventType "team-swiss"]
[EventRounds "9"]
[EventCountry "RUS"]
[SourceTitle "CBM 190 Extra"]
[Source "ChessBase"]
[SourceDate "2019.07.15"]
[SourceVersion "1"]
[SourceVersionDate "2019.07.15"]
[SourceQuality "1"]
[WhiteTeam "South Ural Cheliabinsk"]
[BlackTeam "Moscow Botvinnik School"]
[WhiteTeamCountry "RUS"]
[BlackTeamCountry "RUS"]

1. e4 e5 2. Nf3 Nc6 3. Bb5 a6 4. Ba4 Nge7 5. Nc3 d6 6. 0-0 Bd7 7. Re1 Ng6 8. d4 Be7 9. dxe5 dxe5 10. Nd5 0-0 11. c3 Re8 12. Be3 Bf8 13. Qe2 b5 14. Bc2 Na5 15. b3 Rb8 16. Red1 Qc8 17. Bd3 Be6 18. c4 b4 19. Nd2 Nb7 20. c5 Nxc5 21. Bxc5 Bxc5 22. Bxa6 Qd8 23. Nf3 Bxd5 24. exd5 e4 25. Nd4 Nf4 26. Qg4 Qf6 27. Nc6 h5 28. Qg3 Rb6 29. Bf1 e3 30. fxe3 Rxe3 31. Qf2 Nh3+ 32. gxh3 Rg3+ 0-1

[Event "Urals-ch 77th"]
[Site "Khanty-Mansiysk"]
[Date "2019.03.16"]
[Round "5"]
[White "Gutenev, Alexander"]
[Black "Kazantsev, Nikita"]
[Result "0-1"]
[WhiteElo "2452"]
[BlackElo "2219"]
[PlyCount "78"]
[EventDate "2019.03.12"]
[EventType "swiss"]
[EventRounds "9"]
[EventCountry "RUS"]
[SourceTitle "CBM 189 Extra"]
[Source "ChessBase"]
[SourceDate "2019.06.03"]
[SourceVersion "1"]
[SourceVersionDate "2019.06.03"]
[SourceQuality "1"]

1. e4 e5 2. Nf3 Nc6 3. Bb5 a6 4. Ba4 Nf6 5. 0-0 Be7 6. Re1 b5 7. Bb3 d6 8. c3 0-0 9. h3 Nb8 10. d4 Nbd7 11. Nbd2 Bb7 12. a4 Re8 13. Bc2 Bf8 14. Bd3 c6 15. Qc2 g6 16. b3 Nh5 17. Bb2 Qb6 18. Bf1 exd4 19. cxd4 d5 20. Qc3 Bg7 21. a5 Qa7 22. e5 c5 23. Qe3 Bf8 24. Ng5 Bh6 25. g4 Ng7 26. f4 f6 27. Ndf3 Bxg5 28. fxg5 fxe5 29. Nxe5 Nxe5 30. dxe5 d4 31. Qd2 Ne6 32. Rad1 Rad8 33. Bd3 Bd5 34. Bc2 Bf3 35. Rc1 c4 36. Qf2 Nxg5 37. Kh2 Ba8 38. Rf1 Nf3+ 39. Kg3 Qe7 0-1

[Event "Cheliabinsk December Evenings"]
[Site "Cheliabinsk"]
[Date "2018.12.15"]
[Round "8"]
[White "Nugumanov, Bakhtiyar"]
[Black "Kazantsev, Nikita"]
[Result "1/2-1/2"]
[WhiteElo "2391"]
[BlackElo "2177"]
[PlyCount "75"]
[EventDate "2018.12.08"]
[EventType "tourn"]
[EventRounds "9"]
[EventCountry "RUS"]
[EventCategory "3"]
[SourceTitle "CBM 187 Extra"]
[Source "ChessBase"]
[SourceDate "2018.11.04"]
[SourceVersion "1"]
[SourceVersionDate "2018.11.04"]
[SourceQuality "1"]

1. e4 e5 2. Nf3 Nc6 3. Bc4 Bc5 4. c3 Nf6 5. d3 0-0 6. 0-0 d6 7. Bb3 Bb6 8. h3 Ne7 9. Re1 Ng6 10. Nbd2 c6 11. Nf1 h6 12. Ng3 Re8 13. d4 Bc7 14. Be3 d5 15. dxe5 Nxe4 16. Nxe4 dxe4 17. Nd2 Nxe5 18. Bd4 c5 19. Bxe5 Bxe5 20. Nxe4 Qc7 21. Qd5 Bf5 22. Nxc5 Rad8 23. Qxb7 Qxc5 24. Bxf7+ Kh7 25. Bxe8 Rxe8 26. Rad1 Rf8 27. Rd5 Qc7 28. Qxc7 Bxc7 29. c4 Rf6 30. Re7 Bd6 31. Rxa7 Be4 32. Rd2 Bb4 33. Re2 Bd3 34. Re5 Bd6 35. Rd5 Bxc4 36. Rxd6 Rxd6 37. b3 Bd5 38. Kh2 1/2-1/2

[Event "Cheliabinsk December Evenings"]
[Site "Cheliabinsk"]
[Date "2018.12.11"]
[Round "4"]
[White "Mischuk, Dmitry"]
[Black "Kazantsev, Nikita"]
[Result "1/2-1/2"]
[WhiteElo "2363"]
[BlackElo "2177"]
[PlyCount "81"]
[EventDate "2018.12.08"]
[EventType "tourn"]
[EventRounds "9"]
[EventCountry "RUS"]
[EventCategory "3"]
[SourceTitle "CBM 187 Extra"]
[Source "ChessBase"]
[SourceDate "2018.11.04"]
[SourceVersion "1"]
[SourceVersionDate "2018.11.04"]
[SourceQuality "1"]

1. e4 e5 2. Nf3 Nc6 3. Bb5 a6 4. Ba4 Nf6 5. 0-0 Be7 6. d3 b5 7. Bb3 d6 8. a3 0-0 9. Nc3 Na5 10. Ba2 c5 11. Bg5 Nc6 12. Bxf6 Bxf6 13. h3 g6 14. Nd5 Bg7 15. b4 Be6 16. c3 Ne7 17. Nxe7+ Qxe7 18. Qd2 Rac8 19. Bxe6 Qxe6 20. a4 d5 21. axb5 axb5 22. Ra5 dxe4 23. dxe4 Qc4 24. Rd1 cxb4 25. cxb4 Qxe4 26. Rxb5 Rc2 27. Qe1 Re2 28. Qf1 Rb2 29. Re1 Qf4 30. Qd3 Rxb4 31. g3 Qc4 32. Qxc4 Rxc4 33. Nxe5 Re8 34. Nxc4 Rxe1+ 35. Kg2 Re8 36. Rb7 Rd8 37. g4 Bf6 38. Rc7 Rd5 39. f4 h6 40. Kf3 Rd3+ 41. Kg2 1/2-1/2

[Event "Cheliabinsk Governor's Cup IM"]
[Site "Satka"]
[Date "2017.07.04"]
[Round "4"]
[White "Frolov, Ivan"]
[Black "Kazantsev, Nikita"]
[Result "1/2-1/2"]
[WhiteElo "2333"]
[BlackElo "2239"]
[PlyCount "112"]
[EventDate "2017.06.30"]
[EventType "tourn"]
[EventRounds "9"]
[EventCountry "RUS"]
[EventCategory "4"]
[SourceTitle "EXT 2018"]
[Source "ChessBase"]
[SourceDate "2017.10.13"]
[SourceVersion "1"]
[SourceVersionDate "2017.10.13"]
[SourceQuality "1"]

1. Nf3 Nf6 2. c4 g6 3. d4 Bg7 4. Nc3 0-0 5. g3 d6 6. Bg2 Nc6 7. d5 Na5 8. Qd3 c5 9. 0-0 a6 10. e4 Rb8 11. e5 Ng4 12. exd6 exd6 13. Bg5 Qb6 14. b3 Bf5 15. Qd2 h6 16. h3 hxg5 17. hxg4 Bxg4 18. Nxg5 Qb4 19. Rac1 b5 20. Qf4 Bxc3 21. Qxg4 Bd2 22. Ne6 Bxc1 23. Rxc1 Qd2 24. Rd1 Qc3 25. Nxf8 Rxf8 26. cxb5 axb5 27. Qd7 Qc2 28. Re1 Qd2 29. Rf1 Qxa2 30. Qxd6 Nxb3 31. Qe7 Qd2 32. d6 c4 33. d7 Qd4 34. Re1 c3 35. Re4 Qd1+ 36. Kh2 c2 37. Rh4 c1Q 38. Rh8+ Kxh8 39. Qxf8+ Kh7 40. Qxf7+ Kh6 41. Qf8+ Kh7 42. Qe7+ Kh6 43. d8Q Qxd8 44. Qxd8 Qc3 45. f4 Qd4 46. Qg5+ Kg7 47. Qxb5 Nd2 48. Qe2 Kf7 49. Qa6 Qh8+ 50. Bh3 Nf3+ 51. Kg2 Ne1+ 52. Kf2 Qxh3 53. Qc4+ Qe6 54. Qc3 Qe4 55. Qxe1 Qxe1+ 56. Kxe1 g5 1/2-1/2

[Event "RUS-chT2"]
[Site "Sochi"]
[Date "2017.05.07"]
[Round "6.2"]
[White "Kazantsev, Nikita"]
[Black "Savitskiy, Sergey"]
[Result "0-1"]
[WhiteElo "2244"]
[BlackElo "2416"]
[PlyCount "100"]
[EventDate "2017.05.01"]
[EventType "team-swiss"]
[EventRounds "9"]
[EventCountry "RUS"]
[SourceTitle "CBM 178 Extra"]
[Source "ChessBase"]
[SourceDate "2017.06.22"]
[SourceVersion "1"]
[SourceVersionDate "2017.06.22"]
[SourceQuality "1"]
[WhiteTeam "Cheliabinsk Yuzhnyy Ural"]
[BlackTeam "Yamal YaNAO"]
[WhiteTeamCountry "RUS"]
[BlackTeamCountry "RUS"]

1. e4 c5 2. Nf3 d6 3. d4 cxd4 4. Nxd4 Nf6 5. Nc3 a6 6. Be2 e5 7. Nb3 Be7 8. Be3 0-0 9. a4 Be6 10. 0-0 Nc6 11. f4 Nb4 12. Kh1 Rc8 13. a5 Qd7 14. Nd2 Ng4 15. Bxg4 Bxg4 16. Nf3 exf4 17. Bxf4 Rfe8 18. Ra4 Rxc3 19. Rxb4 Rc5 20. Rd4 Rxa5 21. Qd2 Qc7 22. e5 dxe5 23. Nxe5 Be6 24. Nc4 Rf5 25. Ne3 Rxf4 26. Rdxf4 Bg5 27. R4f3 Qe5 28. Qd3 Qxb2 29. Nc4 Qb5 30. Nd6 Qxd3 31. Rxd3 Rb8 32. Rb1 b5 33. Ra3 Rb6 34. Rd3 Be7 35. Ne4 h5 36. Nc3 Rc6 37. h3 h4 38. Re1 Kf8 39. Ne2 Bf6 40. c3 Bc4 41. Nd4 Rd6 42. Rde3 g6 43. Nf3 a5 44. Ne5 Bxe5 45. Rxe5 a4 46. Ra1 Rd3 47. Ra3 f5 48. Rc5 Ke7 49. Rc6 Rxh3+ 50. Kg1 Rg3 0-1

[Event "RUS-chT2"]
[Site "Sochi"]
[Date "2017.05.03"]
[Round "3.4"]
[White "Suslov, Evgeniy"]
[Black "Kazantsev, Nikita"]
[Result "1-0"]
[WhiteElo "2252"]
[BlackElo "2244"]
[PlyCount "57"]
[EventDate "2017.05.01"]
[EventType "team-swiss"]
[EventRounds "9"]
[EventCountry "RUS"]
[SourceTitle "CBM 178 Extra"]
[Source "ChessBase"]
[SourceDate "2017.06.22"]
[SourceVersion "1"]
[SourceVersionDate "2017.06.22"]
[SourceQuality "1"]
[WhiteTeam "Smolensk Region VOS"]
[BlackTeam "Cheliabinsk Yuzhnyy Ural"]
[WhiteTeamCountry "RUS"]
[BlackTeamCountry "RUS"]

1. Nf3 Nf6 2. c4 g6 3. g3 Bg7 4. Bg2 0-0 5. 0-0 d6 6. Nc3 Nc6 7. Rb1 e5 8. d3 a5 9. a3 d5 10. cxd5 Nxd5 11. Nxd5 Qxd5 12. Be3 Qb5 13. Qc2 Be6 14. Rfc1 Rfd8 15. Ng5 Bd5 16. Ne4 Nd4 17. Bxd4 exd4 18. Qxc7 Ba2 19. Rc5 Qb3 20. Rbc1 Qxb2 21. R5c2 Qb3 22. Nc5 Qb5 23. Qxb7 Qxb7 24. Bxb7 Bd5 25. Bxa8 Rxa8 26. Nd7 Bb7 27. Rb2 Ba6 28. Rb8+ Rxb8 29. Nxb8 1-0

[Event "Samara Polugaevsky Memorial 4th"]
[Site "Samara"]
[Date "2014.07.07"]
[Round "6"]
[White "Mikheev, Stanislav Valerievi"]
[Black "Kazantsev, Nikita"]
[Result "1/2-1/2"]
[WhiteElo "2240"]
[BlackElo "2041"]
[PlyCount "91"]
[EventDate "2014.07.02"]
[EventType "swiss"]
[EventRounds "9"]
[EventCountry "RUS"]
[SourceTitle "CBM 161 Extra"]
[Source "ChessBase"]
[SourceDate "2014.08.29"]
[SourceVersion "1"]
[SourceVersionDate "2014.08.29"]
[SourceQuality "1"]

1. d4 d5 2. c4 c6 3. cxd5 cxd5 4. Nc3 Nf6 5. Bf4 Nc6 6. e3 Bf5 7. Nf3 Qb6 8. Bb5 e6 9. Ne5 a6 10. Bxc6+ bxc6 11. Qe2 Bb4 12. g4 Bg6 13. h4 Ne4 14. Rc1 f6 15. Nxg6 hxg6 16. f3 g5 17. fxe4 gxf4 18. exd5 cxd5 19. Kf2 0-0 20. Kg2 fxe3 21. Qxe3 Bxc3 22. bxc3 e5 23. Qd2 Qe6 24. Qe2 e4 25. Rhf1 f5 26. gxf5 Rxf5 27. Rxf5 Qxf5 28. Rf1 Qg6+ 29. Kh3 Rc8 30. Qe3 Qe6+ 31. Kg3 Qd6+ 32. Kg2 Qa3 33. Qg5 Qxa2+ 34. Rf2 Qc4 35. Qf5 Qc6 36. Qf7+ Kh7 37. Rf5 Qg6+ 38. Qxg6+ Kxg6 39. Rxd5 Rxc3 40. Ra5 Rd3 41. Rxa6+ Kh5 42. Rd6 Kxh4 43. Rg6 Rxd4 44. Rxg7 Rd2+ 45. Kf1 Kh5 46. Ke1 1/2-1/2

[Event "Samara Polugaevsky Memorial 4th"]
[Site "Samara"]
[Date "2014.07.03"]
[Round "2"]
[White "Zelenov, Aleksey"]
[Black "Kazantsev, Nikita"]
[Result "0-1"]
[WhiteElo "1738"]
[BlackElo "2041"]
[PlyCount "96"]
[EventDate "2014.07.02"]
[EventType "swiss"]
[EventRounds "9"]
[EventCountry "RUS"]
[SourceTitle "CBM 161 Extra"]
[Source "ChessBase"]
[SourceDate "2014.08.29"]
[SourceVersion "1"]
[SourceVersionDate "2014.08.29"]
[SourceQuality "1"]

1. e4 e5 2. Nf3 Nc6 3. d4 exd4 4. Nxd4 Nf6 5. Nc3 Bb4 6. Nxc6 bxc6 7. Bd3 d5 8. exd5 cxd5 9. 0-0 0-0 10. Bg5 c6 11. Re1 Be6 12. a3 Bd6 13. Qf3 a5 14. Ne2 h6 15. Bxf6 Qxf6 16. Qxf6 gxf6 17. Nd4 Be5 18. c3 c5 19. Nf3 Bd6 20. Rad1 Rab8 21. Re2 Rb6 22. a4 c4 23. Bc2 Rfb8 24. Nd4 Bc5 25. Rdd2 Bxd4 26. cxd4 Kf8 27. Bd1 Rb4 28. Kf1 Bd7 29. Ke1 Bxa4 30. Bxa4 Rxa4 31. Rc2 Ra2 32. Kd1 Rb3 33. Red2 Ke7 34. Ke2 Ra1 35. g3 Rb1 36. h4 Ke6 37. g4 a4 38. h5 f5 39. gxf5+ Kxf5 40. Rc3 R1xb2 41. Rf3+ Rxf3 42. Rxb2 Rb3 43. Ra2 a3 44. Kf1 Ke4 45. f3+ Kxf3 46. Rf2+ Ke3 47. Re2+ Kxd4 48. Rd2+ Kc3 0-1

[Event "Samara Polugaevsky Memorial 4th"]
[Site "Samara"]
[Date "2014.07.02"]
[Round "1"]
[White "Kazantsev, Nikita"]
[Black "Vlassov, Nikolai"]
[Result "0-1"]
[WhiteElo "2041"]
[BlackElo "2471"]
[PlyCount "52"]
[EventDate "2014.07.02"]
[EventType "swiss"]
[EventRounds "9"]
[EventCountry "RUS"]
[SourceTitle "CBM 161 Extra"]
[Source "ChessBase"]
[SourceDate "2014.08.29"]
[SourceVersion "1"]
[SourceVersionDate "2014.08.29"]
[SourceQuality "1"]

1. e4 Nc6 2. d4 d5 3. e5 h5 4. Nf3 Bg4 5. c3 e6 6. Bd3 Qd7 7. h3 Bxf3 8. Qxf3 0-0-0 9. Bg5 f6 10. exf6 gxf6 11. Be3 Qg7 12. 0-0 e5 13. c4 dxc4 14. d5 Nd4 15. Bxd4 cxd3 16. Bxa7 Ne7 17. Nc3 f5 18. Qxd3 Rg8 19. Qg3 b6 20. Qxg7 Bxg7 21. d6 Rxd6 22. a4 Kb7 23. a5 Nc6 24. Nb5 Rd7 25. a6+ Ka8 26. Bb8 Kxb8 0-1

[Event "Voronezh op-B 18th"]
[Site "Voronezh"]
[Date "2014.06.20"]
[Round "9"]
[White "Kazantsev, Nikita"]
[Black "Alkaev, Ruslan"]
[Result "1/2-1/2"]
[WhiteElo "2038"]
[BlackElo "1983"]
[PlyCount "84"]
[EventDate "2014.06.12"]
[EventType "swiss"]
[EventRounds "9"]
[EventCountry "RUS"]
[SourceTitle "EXT 2015"]
[Source "ChessBase"]
[SourceDate "2014.11.20"]
[SourceVersion "1"]
[SourceVersionDate "2014.11.20"]
[SourceQuality "1"]

1. e4 c6 2. d4 d5 3. Nc3 dxe4 4. Nxe4 Nd7 5. Nf3 Ngf6 6. Ng3 e6 7. Bd3 Bd6 8. 0-0 0-0 9. c4 c5 10. dxc5 Nxc5 11. Bc2 b6 12. b4 Na6 13. a3 Bb7 14. Qe2 Rc8 15. Bb2 Be7 16. Rfd1 Qe8 17. Ne5 Nb8 18. Ng4 Qc6 19. Ne3 Nbd7 20. f3 Rfd8 21. Rac1 Qc7 22. Bb1 Qb8 23. Nef5 Bf8 24. Nd4 Bd6 25. Nf1 Nf8 26. Nb5 Bf4 27. Rxd8 Rxd8 28. Rd1 Rxd1 29. Qxd1 Ng6 30. Bxg6 hxg6 31. a4 a6 32. Nd4 Qd6 33. Qb3 Be5 34. Ne2 Bxb2 35. Qxb2 Qd3 36. c5 Nd5 37. cxb6 Nxb6 38. Nf4 Qd6 39. Qd2 Qxd2 40. Nxd2 Nxa4 41. Nc4 Kf8 42. Kf2 Ke7 1/2-1/2

[Event "Voronezh op-B 18th"]
[Site "Voronezh"]
[Date "2014.06.18"]
[Round "7"]
[White "Kazantsev, Nikita"]
[Black "Mokshin, Maksim"]
[Result "0-1"]
[WhiteElo "2038"]
[BlackElo "2006"]
[PlyCount "80"]
[EventDate "2014.06.12"]
[EventType "swiss"]
[EventRounds "9"]
[EventCountry "RUS"]
[SourceTitle "EXT 2015"]
[Source "ChessBase"]
[SourceDate "2014.11.20"]
[SourceVersion "1"]
[SourceVersionDate "2014.11.20"]
[SourceQuality "1"]

1. e4 c5 2. Nf3 e6 3. d4 cxd4 4. Nxd4 Nf6 5. Nc3 d6 6. Be3 a6 7. Be2 Be7 8. 0-0 Nc6 9. f4 Nxd4 10. Bxd4 0-0 11. Qe1 b5 12. a3 Bb7 13. Qg3 Bc6 14. Kh1 Qc7 15. Rae1 Qb7 16. Bf3 a5 17. Nd1 b4 18. axb4 axb4 19. Nf2 Ra5 20. Ng4 Nxg4 21. Bxg4 g6 22. f5 Bxe4 23. fxe6 f5 24. Bf3 d5 25. Ra1 Qa6 26. Rxa5 Qxa5 27. c3 bxc3 28. Bxc3 Qa6 29. Re1 Qxe6 30. Ra1 Bf6 31. Bxf6 Qxf6 32. h3 Qxb2 33. Ra7 Qb1+ 34. Kh2 Qb8 35. Rc7 f4 36. Qg4 Qxc7 37. Bxe4 f3+ 38. g3 dxe4 39. Qe6+ Qf7 40. Qxe4 f2 0-1

[Event "Voronezh op-B 18th"]
[Site "Voronezh"]
[Date "2014.06.14"]
[Round "3"]
[White "Kazantsev, Nikita"]
[Black "Pustovidko, Anastasia"]
[Result "1-0"]
[WhiteElo "2038"]
[BlackElo "1944"]
[PlyCount "67"]
[EventDate "2014.06.12"]
[EventType "swiss"]
[EventRounds "9"]
[EventCountry "RUS"]
[SourceTitle "EXT 2015"]
[Source "ChessBase"]
[SourceDate "2014.11.20"]
[SourceVersion "1"]
[SourceVersionDate "2014.11.20"]
[SourceQuality "1"]

1. e4 d5 2. exd5 Qxd5 3. Nc3 Qd8 4. d4 c6 5. Nf3 Bf5 6. Be2 e6 7. 0-0 Nf6 8. Be3 Bd6 9. Bd3 Bg6 10. Ng5 Nbd7 11. Qe2 Qc7 12. f4 Bh5 13. Qe1 0-0-0 14. Nge4 Be7 15. a3 h6 16. b4 Ng4 17. h3 Nxe3 18. Qxe3 Rhg8 19. Ng3 Nf6 20. Rae1 Bd6 21. Nce4 Nd5 22. Nxd6+ Qxd6 23. Qe5 g6 24. Qxd6 Rxd6 25. Ne4 Rdd8 26. c4 f5 27. cxd5 fxe4 28. Rxe4 exd5 29. Re6 g5 30. Rxh6 Be8 31. Bh7 Rg7 32. f5 Rdd7 33. Bg6 Rd6 34. Rh8 1-0

[Event "Urals-ch 72nd"]
[Site "Tiumen"]
[Date "2014.03.27"]
[Round "8"]
[White "Kazantsev, Nikita"]
[Black "Vaseptsov, Maxim"]
[Result "0-1"]
[WhiteElo "2035"]
[BlackElo "2196"]
[PlyCount "54"]
[EventDate "2014.03.20"]
[EventType "swiss"]
[EventRounds "9"]
[EventCountry "RUS"]
[SourceTitle "CBM 159 Extra"]
[Source "ChessBase"]
[SourceDate "2014.04.24"]
[SourceVersion "1"]
[SourceVersionDate "2014.04.24"]
[SourceQuality "1"]

1. e4 c5 2. Nf3 d6 3. d4 cxd4 4. Nxd4 Nf6 5. Nc3 a6 6. Be3 e6 7. Be2 Be7 8. 0-0 0-0 9. a4 Nc6 10. Nb3 Na5 11. f4 e5 12. fxe5 dxe5 13. Nxa5 Qxa5 14. Nd5 Nxd5 15. exd5 Bc5 16. Qd3 Bd7 17. c4 e4 18. Qb3 Bxa4 19. Rxa4 Bxe3+ 20. Kh1 Qd2 21. Raa1 Bc5 22. Bg4 b6 23. Rae1 f5 24. Rd1 fxg4 25. Rfe1 Qf2 26. d6 Rad8 27. d7 Rxd7 0-1

[Event "Urals-ch 72nd"]
[Site "Tiumen"]
[Date "2014.03.25"]
[Round "6"]
[White "Kazantsev, Nikita"]
[Black "Mukhina, Jana"]
[Result "1-0"]
[WhiteElo "2035"]
[BlackElo "1859"]
[PlyCount "77"]
[EventDate "2014.03.20"]
[EventType "swiss"]
[EventRounds "9"]
[EventCountry "RUS"]
[SourceTitle "CBM 159 Extra"]
[Source "ChessBase"]
[SourceDate "2014.04.24"]
[SourceVersion "1"]
[SourceVersionDate "2014.04.24"]
[SourceQuality "1"]

1. e4 e5 2. Nf3 Nc6 3. Bc4 Bc5 4. c3 Nf6 5. d3 0-0 6. Nbd2 d5 7. exd5 Nxd5 8. Ne4 Be7 9. 0-0 Bg4 10. h3 Bh5 11. Ng3 Bg6 12. Re1 Bf6 13. Bb3 Re8 14. Ne4 Be7 15. Ng3 Bf6 16. Qe2 Nb6 17. Ne4 Be7 18. Bd2 Kh8 19. Rad1 f5 20. Neg5 Bh5 21. Nxe5 Bxg5 22. Qxh5 Rxe5 23. Bxg5 Qe8 24. Qxe8+ Raxe8 25. Rxe5 Nxe5 26. Kf1 h6 27. Bf4 g5 28. Be3 Nbd7 29. d4 Nc6 30. d5 Na5 31. Bd4+ Kh7 32. Bc2 Nb6 33. Bxf5+ Kg8 34. Be6+ Kf8 35. b3 Nc8 36. c4 b6 37. Rd3 Nb7 38. Rf3+ Ke7 39. Rf7+ 1-0

[Event "Urals-ch 72nd"]
[Site "Tiumen"]
[Date "2014.03.20"]
[Round "1"]
[White "Kazantsev, Nikita"]
[Black "Ponkratov, Pavel"]
[Result "1/2-1/2"]
[WhiteElo "2035"]
[BlackElo "2615"]
[PlyCount "144"]
[EventDate "2014.03.20"]
[EventType "swiss"]
[EventRounds "9"]
[EventCountry "RUS"]
[SourceTitle "CBM 159 Extra"]
[Source "ChessBase"]
[SourceDate "2014.04.24"]
[SourceVersion "1"]
[SourceVersionDate "2014.04.24"]
[SourceQuality "1"]

1. e4 g6 2. d4 Bg7 3. Nc3 d5 4. Nf3 Nf6 5. Bd3 dxe4 6. Nxe4 Nbd7 7. Nxf6+ Nxf6 8. c3 0-0 9. 0-0 c5 10. h3 cxd4 11. cxd4 Qd6 12. Qe2 Bd7 13. Qe5 Bc6 14. Qxd6 exd6 15. Bf4 Bxf3 16. gxf3 Nd5 17. Bxd6 Rfd8 18. Be5 Bxe5 19. dxe5 Nf4 20. Be4 Nxh3+ 21. Kh2 Nf4 22. Rfd1 Rab8 23. Rac1 h5 24. Rd6 Rdc8 25. Rcd1 h4 26. Rf6 Nh5 27. Rfd6 Re8 28. e6 Rxe6 29. Rxe6 fxe6 30. Kh3 Nf6 31. Kxh4 Kg7 32. Rc1 Rh8+ 33. Kg3 Nh5+ 34. Kg4 Kf6 35. f4 Rh7 36. Rc8 Rd7 37. Rg8 Kf7 38. Rb8 Nf6+ 39. Kf3 Nd5 40. Rh8 Ne7 41. Rb8 b6 42. Ra8 Rc7 43. Kg4 Nc8 44. f3 Kf6 45. Bb7 Ne7 46. Be4 Rd7 47. Rf8+ Kg7 48. Ra8 Rc7 49. Rb8 Kf7 50. Ra8 Nc8 51. Bb7 Nd6 52. Be4 Kg7 53. Kg5 Rc5+ 54. Kg4 Ra5 55. Bb1 Nc4 56. Re8 Kf7 57. Rh8 Nxb2 58. Rh7+ Kf6 59. Rh6 Nc4 60. Rxg6+ Kf7 61. Rg5 Ra3 62. f5 exf5+ 63. Rxf5+ Ke6 64. Rf8 Nd2 65. Bg6 Rxa2 66. Bf7+ Ke7 67. Bxa2 Kxf8 68. Kf4 Ke7 69. Ke3 Nf1+ 70. Kf2 Nh2 71. Kg3 Nxf3 72. Kxf3 Kd6 1/2-1/2

[Event "Chigorin Memorial 21st"]
[Site "St Petersburg"]
[Date "2013.10.13"]
[Round "9"]
[White "Kazantsev, Nikita"]
[Black "Sokolov, Ilia"]
[Result "1-0"]
[WhiteElo "1999"]
[BlackElo "1792"]
[PlyCount "49"]
[EventDate "2013.10.05"]
[EventType "swiss"]
[EventRounds "9"]
[EventCountry "RUS"]
[SourceTitle "CBM 156 Extra"]
[Source "ChessBase"]
[SourceDate "2013.10.22"]
[SourceVersion "1"]
[SourceVersionDate "2013.10.22"]
[SourceQuality "1"]

1. e4 e6 2. d4 d5 3. e5 c5 4. c3 Qb6 5. Nf3 Nc6 6. a3 Bd7 7. b4 cxd4 8. cxd4 Rc8 9. Bb2 a5 10. b5 Na7 11. Nc3 Be7 12. Bd3 Nh6 13. 0-0 Nf5 14. Bxf5 exf5 15. Nxd5 Qxb5 16. Nxe7 Kxe7 17. Qd2 Rcd8 18. a4 Qd5 19. Ba3+ Ke8 20. Qg5 Nc6 21. Bd6 Be6 22. Rac1 Kd7 23. Rb1 h6 24. Rxb7+ Ke8 25. Qxg7 1-0